000 01615nam a2200133Ia 4500
008 220620s9999||||xx |||||||||||||| ||und||
020 _a9783040000000
245 0 _aToward Sustainability: Bike-Sharing Systems Design, Simulation and Management
546 _aEnglish[eng]
650 _abike sharing||rebalancing||clustering||optimization||sustainability||bike-sharing||public bicycles||shared use mobility||cycling||sustainable transport||Free-Floating Bike-sharing Systems||causes of disorderly parking||factor analysis||sustainable mode of transportation||bike-sharing system||public bicycle||complex network||network structure||e-bike sharing||transport sustainability||mobile depot||cruise tourism||ordered probit model||bikeway network design||selective nodes||elimination heuristic||demand coverage||bike share||cycling safety||night-time visibility||cognitive difference between cyclists and drivers||free-floating bike-sharing system||influence factor||social-psychological variables||intention||use frequency||post-sharing era||bikesharing||brand choice||conditional Logit model||sustainable development||public bike sharing||cluster analysis||categorization||data collection||sharing economy||stated preference||discrete choice models||bike-sharing rebalancing problem||multi-energy mixed fleets||traffic restrictions||simulated annealing||variable neighborhood structures||BSS station efficiency||data envelopment analysis||spatial analysis in transport||bike-sharing station||n/a
700 _aCaggiani, Leonardo||Camporeale, Rosalia
856 _uhttps://mdpi.com/books/pdfview/book/4383
942 _cEB
999 _c27899
_d27899